[Event "Bratsk-ch"]
[Site "Bratsk"]
[Date "2017.12.22"]
[Round "9"]
[White "Andronov, Alexey"]
[Black "Sevryuk, Sergey"]
[Result "0-1"]
[WhiteElo "2019"]
[BlackElo "2094"]
[PlyCount "46"]
[EventDate "2017.12.14"]
[EventType "tourn"]
[EventRounds "11"]
[EventCountry "RUS"]
[SourceTitle "CBM 182 Extra"]
[Source "ChessBase"]
[SourceDate "2018.02.23"]
[SourceVersion "1"]
[SourceVersionDate "2018.02.23"]
[SourceQuality "1"]

1. e4 d5 2. exd5 Nf6 3. c4 c6 4. dxc6 Nxc6 5. Nf3 e5 6. d3 Bc5 7. Nc3 Ng4 8. Ne4 Bb4+ 9. Bd2 f5 10. Ng3 Bc5 11. Be3 Bxe3 12. fxe3 Nxe3 13. Qd2 f4 14. Ne4 Bg4 15. Rc1 Bxf3 16. gxf3 Nd4 17. Qf2 Qa5+ 18. Nc3 0-0 19. Bh3 Rad8 20. Rg1 Qb6 21. Nd5 Rxd5 22. cxd5 Qa5+ 23. Rc3 Qxa2 0-1

[Event "Bratsk-ch"]
[Site "Bratsk"]
[Date "2017.12.21"]
[Round "8"]
[White "Mashaev, Tayanych"]
[Black "Andronov, Alexey"]
[Result "0-1"]
[WhiteElo "1959"]
[BlackElo "2019"]
[PlyCount "58"]
[EventDate "2017.12.14"]
[EventType "tourn"]
[EventRounds "11"]
[EventCountry "RUS"]
[SourceTitle "CBM 182 Extra"]
[Source "ChessBase"]
[SourceDate "2018.02.23"]
[SourceVersion "1"]
[SourceVersionDate "2018.02.23"]
[SourceQuality "1"]

1. e4 e5 2. Nf3 Nc6 3. Bc4 Nf6 4. d3 Bc5 5. 0-0 0-0 6. Bg5 h6 7. Bh4 d6 8. h3 g5 9. Nxg5 hxg5 10. Bxg5 Nd4 11. c3 Ne6 12. Bxe6 Bxe6 13. Qf3 Kg7 14. Nd2 Rh8 15. g4 Kg6 16. Be3 Bxe3 17. fxe3 Nd7 18. d4 Qh4 19. Kg2 exd4 20. exd4 Kg7 21. Rf2 Rh6 22. Rh1 Bxg4 23. Qe3 Rah8 24. Qg3 Nf6 25. Rff1 Qg5 26. e5 Nd5 27. Ne4 Ne3+ 28. Kf2 Nxf1 29. Nxg5 Nxg3 0-1

[Event "Bratsk-ch"]
[Site "Bratsk"]
[Date "2017.12.14"]
[Round "1"]
[White "Andronov, Alexey"]
[Black "Shaydullin, Marsel"]
[Result "1-0"]
[WhiteElo "2019"]
[BlackElo "1888"]
[PlyCount "73"]
[EventDate "2017.12.14"]
[EventType "tourn"]
[EventRounds "11"]
[EventCountry "RUS"]
[SourceTitle "CBM 182 Extra"]
[Source "ChessBase"]
[SourceDate "2018.02.23"]
[SourceVersion "1"]
[SourceVersionDate "2018.02.23"]
[SourceQuality "1"]

1. e4 c5 2. Nf3 e6 3. d4 cxd4 4. Nxd4 Nf6 5. Nc3 Nc6 6. Nxc6 bxc6 7. e5 Nd5 8. Ne4 f5 9. exf6 Nxf6 10. Nd6+ Bxd6 11. Qxd6 Qe7 12. Bf4 Qxd6 13. Bxd6 Ne4 14. Ba3 d5 15. Bd3 Ng5 16. f4 Nf7 17. 0-0-0 Kd7 18. b3 a5 19. Rd2 a4 20. Bb2 axb3 21. axb3 Ba6 22. c4 Kc7 23. Bxg7 Rhg8 24. Bc3 h6 25. Re1 Bc8 26. cxd5 cxd5 27. f5 Nd8 28. Be5+ Kb7 29. fxe6 Bxe6 30. Bf6 Rc8+ 31. Kb2 Rc6 32. Bd4 Bc8 33. Re7+ Rc7 34. Ba6+ Kxa6 35. Rxc7 Bb7 36. Kc3 Bc6 37. Kb4 1-0

[Event "Bratsk Region-ch"]
[Site "Bratsk"]
[Date "2013.10.27"]
[Round "9"]
[White "Domarovsky, Vasily"]
[Black "Andronov, Alexey"]
[Result "0-1"]
[WhiteElo "2084"]
[BlackElo "1917"]
[PlyCount "82"]
[EventDate "2013.10.19"]
[EventType "swiss"]
[EventRounds "9"]
[EventCountry "RUS"]
[SourceTitle "EXT 2014"]
[Source "ChessBase"]
[SourceDate "2013.11.20"]
[SourceVersion "1"]
[SourceVersionDate "2013.11.20"]
[SourceQuality "1"]

1. e4 e5 2. Nf3 Nc6 3. Bb5 a6 4. Ba4 Nf6 5. d3 Bc5 6. 0-0 d6 7. c3 0-0 8. h3 Ne7 9. Nbd2 Ng6 10. Re1 Nh5 11. Nf1 Nhf4 12. Ne3 f5 13. Bb3+ Kh8 14. exf5 Bxf5 15. d4 exd4 16. Nxf5 Rxf5 17. cxd4 Bb6 18. Bc2 Rf8 19. Bxg6 Nxg6 20. Bg5 Qd7 21. Qd3 Qb5 22. Qxb5 axb5 23. Re6 Kg8 24. Kf1 Kf7 25. Re3 h6 26. Bh4 Nxh4 27. Nxh4 Bxd4 28. Rb3 c6 29. a4 Ra5 30. Nf5 Bc5 31. Re1 Rxa4 32. Re7+ Kf6 33. Rf3 g6 34. Nh4+ Kxe7 35. Nxg6+ Ke6 36. Rxf8 Ra2 37. f4 Rxb2 38. f5+ Kd5 39. g4 Ke4 40. f6 Rf2+ 41. Ke1 Kd3 0-1

[Event "Bratsk Region-ch"]
[Site "Bratsk"]
[Date "2013.10.23"]
[Round "5"]
[White "Bobarykin, Dmitry"]
[Black "Andronov, Alexey"]
[Result "1/2-1/2"]
[WhiteElo "2226"]
[BlackElo "1917"]
[PlyCount "60"]
[EventDate "2013.10.19"]
[EventType "swiss"]
[EventRounds "9"]
[EventCountry "RUS"]
[SourceTitle "EXT 2014"]
[Source "ChessBase"]
[SourceDate "2013.11.20"]
[SourceVersion "1"]
[SourceVersionDate "2013.11.20"]
[SourceQuality "1"]

1. c4 Nf6 2. Nc3 g6 3. Nf3 Bg7 4. e4 0-0 5. d4 d6 6. Be2 e5 7. dxe5 dxe5 8. Qxd8 Rxd8 9. Bg5 c6 10. 0-0 Re8 11. Rfd1 Nfd7 12. b4 Nf8 13. Nd2 Ne6 14. Be3 Nd4 15. Rab1 Na6 16. c5 Nxe2+ 17. Nxe2 Be6 18. b5 cxb5 19. Rxb5 Rec8 20. Rc1 Bf8 21. Ra5 Rc6 22. Rb5 Bxa2 23. Rxb7 Nxc5 24. Rb5 Rac8 25. Ra5 Be6 26. Rxa7 Nb3 27. Nxb3 Bxb3 28. Rxc6 Rxc6 29. h3 Bc5 30. Bxc5 Rxc5 1/2-1/2

[Event "Bratsk Region-ch"]
[Site "Bratsk"]
[Date "2013.10.21"]
[Round "3"]
[White "Fellenger, Alexander"]
[Black "Andronov, Alexey"]
[Result "1/2-1/2"]
[WhiteElo "2162"]
[BlackElo "1917"]
[PlyCount "36"]
[EventDate "2013.10.19"]
[EventType "swiss"]
[EventRounds "9"]
[EventCountry "RUS"]
[SourceTitle "EXT 2014"]
[Source "ChessBase"]
[SourceDate "2013.11.20"]
[SourceVersion "1"]
[SourceVersionDate "2013.11.20"]
[SourceQuality "1"]

1. e4 e5 2. d4 exd4 3. Nf3 c5 4. c3 d5 5. exd5 Qxd5 6. cxd4 cxd4 7. Qxd4 Nf6 8. Nc3 Qe6+ 9. Be3 Nc6 10. Qa4 Bd7 11. Ng5 Qf5 12. 0-0-0 Bc5 13. Bxc5 Qxc5 14. Qh4 Bf5 15. Re1+ Kf8 16. Qc4 Qxc4 17. Bxc4 Bg6 18. f4 Na5 1/2-1/2